| 000 | 00846nas a2200277 4500 | ||
|---|---|---|---|
| 001 | BR0803930 | ||
| 003 | BR-BrBNA | ||
| 005 | 20231205112353.0 | ||
| 007 | ta | ||
| 008 | 230509b bl.|||p| |||| 00| 00por d | ||
| 040 |
_aBR-BrBNA _bpor _cBiblioteca Nacional de Agricultura |
||
| 041 | _a(Pt) | ||
| 072 | _aF04 | ||
| 100 | 1 | _aSilva, T.R.B. da | |
| 100 | 1 | _aLeite, V.E. | |
| 100 | 1 | _aSilva, A.R.B. da | |
| 100 | 1 | _aViana, L.H. | |
| 245 | 1 | _aAdubação nitrogenada em cobertura na cultura da mamona em plantio direto | |
| 650 | _aMAMONA | ||
| 650 | _aFERTILIZANTE NITROGENADO | ||
| 650 | _aADUBAÇÃO DE COBERTURA | ||
| 650 | _aPLANTIO DIRETO | ||
| 773 | 0 |
_tPesquisa Agropecuária Brasileira (Brazil) _xISSN 0100-204X _g(Sep 2007), v. 42(9) p. 1357-1359 _wBR0803930 |
|
| 909 |
_a202311 _bLúcia _c55 _dLúcia Elande |
||
| 942 |
_2AGRIS _n0 _cANA |
||
| 999 |
_c197684 _d197684 |
||